| 000 | 01671nam a22002417a 4500 | ||
|---|---|---|---|
| 999 |
_c58878 _d58878 |
||
| 003 | Ge_BSU | ||
| 005 | 20221103114909.0 | ||
| 008 | 221012s2018 ge ||||| |||| 00| 0 geo d | ||
| 020 | _a9789941165931 | ||
| 041 | _ageo | ||
| 080 | _a347.6+347.65/68+343.211.3 რ-62 | ||
| 100 |
_aრიპკემა, დონოვან _915753 |
||
| 245 |
_aმემკვიდრეობის დაცვის ეკონომიკა = The Economics of Historic Preservation : _bთემის ლიდერის სახელმძღვანელო / _cდონოვან დ. რიპკემა; მთარგმნელი ლია დავითაძე ; გამოცემის რედაქტორი ნინო ინაიშვილი; ყდის დიზაინი ნინი ფალავანდიშვილი. |
||
| 264 |
_aთბილისი : _bსაქართველოს მაცნე, _c2018. |
||
| 300 |
_a204 გვ. : _bილ. ; _c24 სმ. |
||
| 504 | _aბიბლიოგრაფია: გვ. 187-204. | ||
| 653 | _aკულტურული მემკვიდრეობის დაცვა საქართველოში | ||
| 653 | _aმშენებლობის ეკონომიკა საქართველოში | ||
| 700 |
_aდავითაძე, ლია _eმთარგმნელი. _95424 |
||
| 700 |
_aინაიშვილი, ნინო _eრედაქტორი. _92290 |
||
| 700 |
_aფალავანდიშვილი, ნინო _eყდის დიზაინერი _915293 |
||
| 942 |
_2udc _cBK |
||